Multiple Choice 90's Boy Band Members - Statistics

General Stats
  • This quiz has been taken 97 times
  • The average score is 15 of 20
Answer Stats
Question Answer % Correct
Shane Filan Westlife
93%
AJ McLean Backstreet Boys
87%
Ronan Keating Boyzone
87%
Justin Timberlake NSYNC
87%
JC Chasez NSYNC
87%
Nick Carter Backstreet Boys
80%
Lance Bass NSYNC
80%
Markus Feehily Westlife
80%
Joey Fatone NSYNC
73%
Brian Littrell Backstreet Boys
67%
Howie Dorough Backstreet Boys
67%
Mikey Graham Boyzone
67%
Chris Kirkpatrick NSYNC
67%
Brian McFadden Westlife
67%
Kian Egan Westlife
67%
Nicky Byrne Westlife
67%
Kevin Richardson Backstreet Boys
60%
Stephen Gately Boyzone
60%
Shane Lynch Boyzone
60%
Keith McDuffy Boyzone
53%
No matching quizzes found
Score Distribution
Percent of People with Each Score
Percentile by Number Answered
Your Score History
You have not taken this quiz